Kluby z Andory które w XXI w. grały w europejskich pucharach - Statystyki

Ogólne statystyki
  • Ten quiz został rozwiązany 6 razy
  • Średni wynik to 7 z 10
Statystyki odpowiedzi
Odpowiedź % Poprawnych
FC Santa Coloma
100%
Atlètic d'Escaldes
83%
Inter d'Escaldes
83%
UE Santa Coloma
83%
Lusitanos Andorra
67%
Ranger's F.C
67%
UE Engordany
67%
UE Sant Julià
67%
FC Encamp
33%
Constel·lació Esportiva
17%
Nie znaleziono quizów pasujących do podanych kryteriów
Rozkład punktacji
Procent ludzi z każdym wynikiem
Percentyl według liczby udzielonych odpowiedzi
Twoja historia wyników
Nie rozwiązałeś tego quizu